| 000 | 00540nam a2200181Ia 4500 | ||
|---|---|---|---|
| 999 |
_c1871 _d1871 |
||
| 003 | OSt | ||
| 005 | 20200924105507.0 | ||
| 008 | 190216s9999||||xx |||||||||||||| ||und|| | ||
| 020 | _a9789380026923 | ||
| 040 | _coclc | ||
| 082 |
_a579.50954 _bMUK/T |
||
| 100 |
_aMukerji, K G _94915 |
||
| 245 | 0 |
_aTaxonomy And Ecology Of Indian Fungi / _cK G Mukerji ; C Manharachary |
|
| 260 |
_bI.K.International, _c2010. _aNew Delhi: |
||
| 300 | _a293p | ||
| 650 | _aBotany | ||
| 942 |
_cBK _2ddc _h579.50954 _iMUK/T _k579.50954 _mMUK/T |
||